[Event "New Delhi Parsvnath op-B 17th"]
[Site "New Delhi"]
[Date "2019.01.09"]
[Round "3"]
[White "Konjengbam, Poireikhomba Meetei"]
[Black "Singh, Heikrujam Jacky"]
[Result "1/2-1/2"]
[WhiteElo "1663"]
[BlackElo "1870"]
[PlyCount "52"]
[EventDate "2019.01.09"]
[EventType "swiss"]
[EventRounds "10"]
[EventCountry "IND"]
[SourceTitle "CBM 189 Extra"]
[Source "ChessBase"]
[SourceDate "2019.06.03"]
[SourceVersion "1"]
[SourceVersionDate "2019.06.03"]
[SourceQuality "1"]

1. e4 c6 2. d4 d5 3. Nd2 dxe4 4. Nxe4 Bf5 5. Ng3 Bg6 6. Nf3 Nd7 7. Bd3 Ngf6 8. 0-0 e6 9. a3 Be7 10. Qe2 0-0 11. Bd2 Rc8 12. b4 Re8 13. Rfd1 Qc7 14. c4 Bd6 15. Bxg6 hxg6 16. c5 Bf4 17. Ne4 Bxd2 18. Nfxd2 Rcd8 19. Nd6 Rf8 20. f4 Ne8 21. N2e4 Ndf6 22. Nxf6+ Nxf6 23. g3 Ne8 24. Nc4 Nf6 25. Nd6 Ne8 26. Nc4 Nf6 1/2-1/2